Statistics for London Football Clubs

Click here to take the quiz!

General Stats

  • This quiz has been taken 169 times
  • The average score is 9 of 13

Answer Stats

Answer% Correct
Chelsea
99%
Arsenal
98%
Tottenham Hotspur
90%
West Ham United
90%
Crystal Palace
79%
Fulham
75%
Queens Park Rangers
67%
Charlton Athletic
56%
AFC Wimbledon
53%
Millwall
53%
Brentford
52%
Leyton Orient
45%
Dagenham & Redbridge
25%

Score Distribution

Percentile by Number Answered

Percent of People with Each Score

Your Score History

You have not taken this quiz